Statistics for Can you name the most populous cities of the Netherlands? (50.000+)

Click here to take the quiz!

General Stats

  • This quiz has been taken 28 times
  • The average score is 24 of 54

Answer Stats

HintAnswer% Correct
905234Amsterdam
100%
598199Rotterdam
96%
474292Den Haag
92%
290529Utrecht
88%
181194Groningen
85%
209620Eindhoven
81%
122378Maastricht
77%
147590Haarlem
73%
167673Breda
69%
179073Nijmegen
69%
163885Arnhem
65%
153655Enschede
65%
199613Tilburg
65%
134520Den Bosch
62%
111805Zwolle
62%
119713Leiden
54%
176432Almere
50%
139914Amersfoort
50%
136670Apeldoorn
50%
119260Dordrecht
46%
83640Hilversum
46%
94853Alkmaar
42%
62237Assen
42%
71952Gouda
42%
91424Leeuwarden
42%
70741Lelystad
42%
92403Venlo
42%
68030Heerlen
38%
72725Almelo
35%
95060Delft
35%
67670Ede
35%
57010Emmen
35%
80809Hengelo
35%
77725Roosendaal
35%
79639Amstelveen
31%
66256Bergen op Zoom
31%
59569Den Helder
31%
74740Helmond
31%
115845Zoetermeer
31%
68852Hoorn
27%
71708Zaandam
27%
97331Deventer
23%
132734Hoofddorp
23%
61489Nieuwegein
23%
76430Oss
23%
60949Zeist
23%
70251Alphen aan den Rijn
19%
74988Spijkenisse
19%
73798Vlaardingen
19%
80117Purmerend
15%
75438Schiedam
15%
61271Veenendaal
12%
65255Capelle aan den IJssel
8%
53107Oosterhout
8%

Score Distribution

Percentile by Number Answered

Percent of People with Each Score

Your Score History

You have not taken this quiz